Staatliche Interventionen in der Bundesrepublik Deutschland Umfang, Struktur, Wirkungen

Enregistré dans:
Détails bibliographiques
Auteur principal: Donges, Jürgen B.
Autres auteurs: Schatz, Klaus-Werner
Format: Livre
Langue:allemand
Publié: Kiel Institut für Weltwirtschaft 1986
Édition:1. Aufl.
Tags: Ajouter un tag
Pas de tags, Soyez le premier à ajouter un tag!

MARC

LEADER 00000nam a2200000 4500
001 c029017
005 20221220072852.7
041 0 |a ger 
044 |a DE 
245 1 0 |a Staatliche Interventionen in der Bundesrepublik Deutschland  |b Umfang, Struktur, Wirkungen  |c Jürgen B. Donges, Klaus-Werner Schatz 
250 |a 1. Aufl. 
264 1 |a Kiel  |b Institut für Weltwirtschaft  |c 1986 
300 |a 70 s. 
100 1 |a Donges, Jürgen B. 
700 1 |a Schatz, Klaus-Werner